01435 2200433 4500001002100000005001500021035002000036007000300056008004100059020001800100040002200118082001400140084001600154090001800170100002800188245018000216300005500396650001200451700002300463700002600486700003200512700002400544700002500568700002700593700003000620700002600650850001200676504003400688264004200722336002100764337003000785338002300815041001300838546005100851260004200902990002000944990001700964990002000981INLIS00000000086547920211018030045 a0010-1021000399ta211018s1996 xx a g ind d a978-3018-27-5 aYOPDYOGbinderda04223a304.2 a304.2 RIG h aR 304.2 RIG h1 aRigg, Jonathanepenulis10aThe human environment /cJonathan Rigg, Sian Jay, I Made Sandy, Neville Nichollas, Lily Kong, Lewis Hill, Pinna Indorf, Roxana Waterson, Graeme Hugo; penyunting, Jonathan Rigg a152 halaman :bilustrasi, gambar berwarna ;c29 cm 4aEkologi1 aJay, Sianepenulis0 aI Made Sandyepenulis1 aNichollas, Nevilleepenulis1 aKong, Lilyepenulis1 aHill, Lewisepenulis1 aIndorf, Pinnaepenulis1 aWaterson, Roxanaepenulis1 aHugo, Graemeepenulis aYOPDYOG aBibliografi : halaman 143-15231aSingapura :bArchipelago Press,c1996 2rdacontentateks 2rdamediaatanpa perantara 2rdacarrieravolume0 aindgeng aTeks dalam bahasa Indonesia dan bahasa Inggris31aSingapura :bArchipelago Press,c2003 a68508-PD/A.2021 a3580-PD/B.04 a68508-PD/A.2021